000 00699nam a2200217 i 4500
001 96114
003 ES-MaACL
005 20230906181838.0
007 t|
008 050610s1934 sp ||||1| spa d
100 1 _aMadariaga, Salvador de,
_d1886-1978
_975292
245 1 0 _aIngleses, franceses, españoles
_b: ensayo de psicología colectiva comparada /
_cSalvador de Madariaga.
250 _a4ª ed.
260 _aMadrid :
_bBolaños y Aguilar,
_c1934.
300 _a301 p. ;
_c19 cm.
650 0 4 _aBritánicos-
_xPsicología.
_910620
650 0 4 _aFranceses-
_xPsicología.
_912979
650 0 4 _aEspañoles-
_xPsicología.
_912477
852 _aES-MaACL
_jA-2879
999 _c96114
_d96114